00668nam a2200217u 450000100060000000300080000600500170001400800410003103500190007204000240009104100080011508200130012310000490013624500360018526000430022130000210026465000180028594200120030399900170031595201180033232694BD-RjUL20211209051900.0140428s1946 pk 000 0 eng d a(BD-RjUL)32784 aDLCcCarPdDLCbeng aeng04bKHV 19461 aKhan, Abdul Majid. [from old catalog]99945210aVital Islam /cAbdul Majid Khan aLahore :bModern Publications ,c1946. a109 p. ;c19 cm. 0aIslam.999453 2ddccBK c32694d32694 00102ddc40718NFICaRUCLbRUCLcReadingd2014-04-28l0o297 KHV 1946r2014-04-28 00:00:00tC-1w2014-04-28yBK